Normale Ansicht MARC-Ansicht ISBD

Feuchtigkeit und Schimmelbildung : (Titelsatznr. 371311)

[ MARC ]
MARC-Details
000 -Satzkennung
Kontrollfeld mit fester Länge 02461cam a2200625 4500
001 - Kontrollnummer
Kontrollfeld 825756502
003 - Kontrollnummer Identifier
Kontrollfeld DE-627
005 - Datum und Zeit der letzten Transaktion
Kontrollfeld 20220117135136.0
007 - Feld mit fester Länge zur physischen Beschreibung - Allgemeine Information
Kontrollfeld mit fester Länge tu
008 - Feld mit fester Länge zur physischen Beschreibung - Allgemeine Angaben
Kontrollfeld mit fester Länge 150520s2016 gw ||||| 00| ||ger c
015 ## - Nummer der Nationalbibliografie
Nummer der Nationalbibliografie 15,N21
Quelle dnb
016 7# - Kontrollnummer der nationalbibliografischen Agentur
Datensatzkontrollnummer 1070835935
Quelle DE-101
020 ## - Internationale Standardbuchnummer
Internationale Standardbuchnummer 9783863360603
Bezugsbedingungen : EUR 14.90 (DE)
024 3# - Anderer Standardidentifier
Standardnummer oder Code 9783863360603
028 52 - Verlegernummer
Verlegernummer BW46-01
035 ## - Systemkontrollnummer
System-Kontrollnummer (DE-627)825756502
035 ## - Systemkontrollnummer
System-Kontrollnummer (DE-599)DNB1070835935
035 ## - Systemkontrollnummer
System-Kontrollnummer (OCoLC)965547290
035 ## - Systemkontrollnummer
System-Kontrollnummer (DE-101)1070835935
035 ## - Systemkontrollnummer
System-Kontrollnummer (DE-Rt5)4477787
040 ## - Katalogisierungsquelle
Original-Katalogisierungsstelle DE-627
Katalogisierungssprache ger
Übertragungsstelle DE-627
Beschreibungsfestlegungen rda
Bearbeitungsstelle DE-2950
041 ## - Sprachcode
Sprachcode des Textes/der Tonspur oder des separaten Titels ger
044 ## - Ländercode der veröffentlichenden/herstellenden Stelle
ISO-Ländercode XA-DE-NW
082 0# - Notation nach der Dewey Decimal Classification
Notation 690
Ausgabenummer 23sdnb
082 04 - Notation nach der Dewey Decimal Classification
Notation 690
Zuweisende Stelle DNB
084 ## - Andere Notation
Notation Wmk 2
Quelle der Nummer asb
084 ## - Andere Notation
Notation WMK 86
Quelle der Nummer ssd
084 ## - Andere Notation
Notation Tech 967
Quelle der Nummer sfb
084 ## - Andere Notation
Notation TECH 967
Quelle der Nummer sfb
084 ## - Andere Notation
Notation T 048
Quelle der Nummer kab
084 ## - Andere Notation
Notation 56.55
Quelle der Nummer bkl
100 1# - Haupteintragung - Personenname
Personenname Donadio, Sandra
Funktionsbezeichnung VerfasserIn
Code für Beziehungskennzeichnung aut
245 10 - Titel
Titel Feuchtigkeit und Schimmelbildung :
Zusatz zum Titel erkennen, beseitigen, vorbeugen /
Verfasserangabe etc. Sandra Donadio, Dr. Thomas Gabrio, Robert Kussauer, Patrick Lerch, Prof. Dr. Gerhard A. Wiesmüller.
250 ## - Ausgabebezeichnung
Ausgabebezeichnung 1. Auflage.
264 #1 - Produktion, Veröffentlichung, Distribution, Herstellung und Urheberrechtsvermerk
Herstellungs-, Veröffentlichungs- Vertriebs-, Erzeugungsort Düsseldorf:
Produzent, Herausgeber, Distributor, Hersteller Verbraucherzentrale Nordrhein-Westfalen e.V.,
Datum der Herstellung, der Veröffentlichung, des Vertriebs oder des Urheberschutzvermerks Februar 2016.
300 ## - Physische Beschreibung
Umfang 240 Seiten:
Andere physische Details Diagramme, Illustrationen.
Maße 210 mm x 148 mm, 180 g
336 ## - Inhaltstyp
Inhaltstypterm Text
Inhaltstypcode txt
Quelle rdacontent
337 ## - Medientyp
Bezeichnung des Medientyps ohne Hilfsmittel zu benutzen
Medientypcode n
Quelle rdamedia
338 ## - Datenträgertyp
Datenträgertypbezeichnung Band
Datenträgertypcode nc
Quelle rdacarrier
490 0# - Gesamttitelangabe
Gesamttitelangabe Bauen und Wohnen
500 ## - Allgemeine Fußnote
Allgemeine Fußnote Literaturangaben
653 ## - Indexierungsterm - Nicht normiert
Nicht-normierter Term Feuchtigkeit
653 ## - Indexierungsterm - Nicht normiert
Nicht-normierter Term Wohnung
653 ## - Indexierungsterm - Nicht normiert
Nicht-normierter Term Schimmelpilze
951 ## - EQUIVALENCE OR CROSS-REFERENCE--GEOGRAPHIC NAME/AREA NAME [OBSOLETE] [CAN/MARC only]
Geografischer Name BO
700 1# - Nebeneintragung - Personenname
Personenname Gabrio, Thomas
Funktionsbezeichnung VerfasserIn
Code für Beziehungskennzeichnung aut
700 1# - Nebeneintragung - Personenname
Personenname Kussauer, Robert
Funktionsbezeichnung VerfasserIn
IDN des Normdatensatzes oder Standardnummer (DE-588)132841592
-- (DE-627)527719412
-- (DE-576)264224981
Code für Beziehungskennzeichnung aut
700 1# - Nebeneintragung - Personenname
Personenname Lerch, Patrick
Funktionsbezeichnung VerfasserIn
IDN des Normdatensatzes oder Standardnummer (DE-588)135605148
-- (DE-627)693618736
-- (DE-576)300540132
Code für Beziehungskennzeichnung aut
700 1# - Nebeneintragung - Personenname
Personenname Wiesmüller, Gerhard Andreas
Datumsangaben in Verbindung mit einem Namen 1962-
Funktionsbezeichnung VerfasserIn
IDN des Normdatensatzes oder Standardnummer (DE-588)124092381
-- (DE-627)706534905
-- (DE-576)294017003
Code für Beziehungskennzeichnung aut
710 2# - Nebeneintragung - Körperschaftsname
Körperschafts- oder Gebietskörperschaftsname als Eintragungselement Verbraucherzentrale Nordrhein-Westfalen
Funktionsbezeichnung Herausgebendes Organ
IDN des Normdatensatzes oder Standardnummer (DE-588)2031468-1
-- (DE-627)102403023
-- (DE-576)191830070
Code für Beziehungskennzeichnung isb
856 42 - Elektronische Adresse und Zugriff
URL <a href="http://www.gbv.de/dms/weimar/toc/825756502_toc.pdf">http://www.gbv.de/dms/weimar/toc/825756502_toc.pdf</a>
Kontaktstelle für Hilfe beim Zugriff V:DE-601
-- B:DE-Wim2
Elektronisches Format application/pdf
Verknüpfungstext Inhaltsverzeichnis
Spezifische Materialangaben Inhaltsverzeichnis
856 42 - Elektronische Adresse und Zugriff
URL <a href="http://deposit.d-nb.de/cgi-bin/dokserv?id=5248386&prov=M&dok_var=1&dok_ext=htm">http://deposit.d-nb.de/cgi-bin/dokserv?id=5248386&prov=M&dok_var=1&dok_ext=htm</a>
Kontaktstelle für Hilfe beim Zugriff X: MVB
Elektronisches Format text/html
Zugriffszeiten 2015-05-20
Spezifische Materialangaben Inhaltstext
936 bk - OCLC/CONSER MISCELLANEOUS DATA (OCLC); PIECE USED FOR CATALOGING (pre-AACR2) (RLIN)
OCLC control number(s) of parallel record(s) (OCLC); Piece used for cataloging, PUC (RLIN) 56.55
942 ## - Zusätzliche Felder (Koha)
Klassifikation oder Aufstellungssystematik Andere/Generische Klassifikation
Koha-Medientyp Bücher
Exemplare
Ausgeschieden Verloren Klassifikation oder Aufstellungssystematik Beschädigt Nicht entleihbar Heimatbibliothek Aufenthaltsbibliothek Aufstellungsort Erwerbungsdatum Lieferant Kodierter Standort-Qualifier Kaufpreis Anzahl Ausleihen Signatur Letzte Aktivität Exemplarnummer Preis gültig von Koha-Medientyp
    Andere/Generische Klassifikation     Stadtarchiv Frankfurt (Oder) | Archivbibliothek Stadtarchiv Frankfurt (Oder) | Archivbibliothek Magazin 17/01/2022 Verbraucherzentrale M 14.00   II:5042 17/01/2022 201/2021 17/01/2022 Bücher